[Event "TUR-chT Clubs"]
[Site "Konya"]
[Date "2019.07.21"]
[Round "9.24"]
[White "Akgun, Yusuf"]
[Black "Avanoglu, Nurulllah"]
[Result "0-1"]
[WhiteElo "1588"]
[BlackElo "1551"]
[PlyCount "104"]
[EventDate "2019.07.16"]
[EventType "team-swiss"]
[EventRounds "9"]
[EventCountry "TUR"]
[SourceTitle "CBM 191 Extra"]
[Source "ChessBase"]
[SourceDate "2019.09.30"]
[SourceVersion "1"]
[SourceVersionDate "2019.09.30"]
[SourceQuality "1"]
[WhiteTeam "Erzurum Egitim Merkezi"]
[BlackTeam "Kadirli Savrun"]
[WhiteTeamCountry "TUR"]
[BlackTeamCountry "TUR"]

1. d4 Nf6 2. Nc3 d5 3. Bf4 c6 4. Nf3 Bf5 5. e3 e6 6. a3 h6 7. Be2 Nbd7 8. 0-0 Nb6 9. Bd3 Ne4 10. Ne5 Nxc3 11. bxc3 Bxd3 12. cxd3 Be7 13. Qg4 Bg5 14. Bg3 h5 15. Qh3 Nd7 16. f4 Nxe5 17. dxe5 Be7 18. f5 Qd7 19. Kh1 exf5 20. Qxf5 Qxf5 21. Rxf5 g6 22. Rf2 0-0 23. Rc2 Rad8 24. d4 f5 25. Rb1 b5 26. Ra2 a5 27. a4 b4 28. Be1 Rb8 29. cxb4 axb4 30. Rab2 c5 31. dxc5 Bxc5 32. Bxb4 Bxb4 33. Rxb4 Rxb4 34. Rxb4 Re8 35. Rb3 Rxe5 36. Kg1 Kf7 37. a5 d4 38. Ra3 dxe3 39. Kf1 Re7 40. a6 Ra7 41. g3 g5 42. Ra4 Ke6 43. Ke2 f4 44. Ra5 Kf6 45. gxf4 gxf4 46. Rxh5 Re7 47. Rh6+ Kg5 48. Rb6 f3+ 49. Kxf3 e2 50. Rb5+ Kg6 51. Rb6+ Kf7 52. Rb7 e1Q 0-1

[Event "TUR-chT Clubs"]
[Site "Konya"]
[Date "2019.07.17"]
[Round "3.16"]
[White "Memis, Furkan"]
[Black "Avanoglu, Nurulllah"]
[Result "1/2-1/2"]
[WhiteElo "1691"]
[BlackElo "1551"]
[PlyCount "127"]
[EventDate "2019.07.16"]
[EventType "team-swiss"]
[EventRounds "9"]
[EventCountry "TUR"]
[SourceTitle "CBM 191 Extra"]
[Source "ChessBase"]
[SourceDate "2019.09.30"]
[SourceVersion "1"]
[SourceVersionDate "2019.09.30"]
[SourceQuality "1"]
[WhiteTeam "Gambit Dernegi"]
[BlackTeam "Kadirli Savrun"]
[WhiteTeamCountry "TUR"]
[BlackTeamCountry "TUR"]

1. e4 c5 2. Nc3 a6 3. g3 e6 4. Bg2 Nc6 5. d3 h6 6. Nge2 d6 7. 0-0 Be7 8. f4 Nf6 9. h3 d5 10. e5 Nd7 11. Kh1 b5 12. Ng1 Bb7 13. Nf3 Qc7 14. Ne2 Nb6 15. Be3 d4 16. Bf2 Nb4 17. c3 dxc3 18. bxc3 N4d5 19. Qc2 f5 20. exf6 Bxf6 21. d4 c4 22. Ne5 0-0 23. h4 Ne7 24. Nf3 Nbd5 25. Qd2 Nf5 26. g4 Nd6 27. Qc2 Be7 28. Ne5 Nxf4 29. Nxf4 Rxf4 30. Bg3 Bxg2+ 31. Kxg2 Qb7+ 32. Kh2 Rxf1 33. Rxf1 Qe4 34. Qd2 Qd5 35. Ng6 Re8 36. Qf4 Bf6 37. Qxd6 Qe4 38. Nf4 Qc2+ 39. Rf2 Qxc3 40. Nxe6 Qe3 41. Nf4 Bxd4 42. Qd5+ Kh8 43. Qf5 Kg8 44. Kh3 Qe4 45. Qxe4 Rxe4 46. Re2 Rxe2 47. Nxe2 Bf6 48. Be1 Kf7 49. Kg3 Ke6 50. Kf3 Kd5 51. Ke3 a5 52. Nc3+ Kc6 53. Ne4 Bd8 54. h5 Bb6+ 55. Kd2 b4 56. g5 Kd5 57. gxh6 gxh6 58. Nf6+ Ke6 59. Ng4 Kf5 60. Nxh6+ Kg5 61. Nf7+ Kxh5 62. Ne5 c3+ 63. Kd3 a4 64. Nc4 1/2-1/2

[Event "TUR-chT Clubs"]
[Site "Konya"]
[Date "2019.07.16"]
[Round "1.10"]
[White "Aysoy, Veysi"]
[Black "Avanoglu, Nurulllah"]
[Result "1-0"]
[WhiteElo "1881"]
[BlackElo "1551"]
[PlyCount "65"]
[EventDate "2019.07.16"]
[EventType "team-swiss"]
[EventRounds "9"]
[EventCountry "TUR"]
[SourceTitle "CBM 191 Extra"]
[Source "ChessBase"]
[SourceDate "2019.09.30"]
[SourceVersion "1"]
[SourceVersionDate "2019.09.30"]
[SourceQuality "1"]
[WhiteTeam "Bitlis Ihtisas Egitim"]
[BlackTeam "Kadirli Savrun"]
[WhiteTeamCountry "TUR"]
[BlackTeamCountry "TUR"]

1. e4 c5 2. a3 g6 3. Nc3 a6 4. g3 Nc6 5. Bg2 Bg7 6. d3 e6 7. f4 Nge7 8. Nf3 b5 9. Be3 d6 10. 0-0 Bb7 11. e5 Nf5 12. Bf2 Bf8 13. Ne4 Be7 14. exd6 Nxd6 15. Nxc5 Rc8 16. Nxb7 Nxb7 17. Ne5 Qd6 18. Nxc6 Rxc6 19. Bxc6+ Qxc6 20. Qe2 Bf6 21. c3 0-0 22. Qe4 Qd7 23. Rad1 Nd6 24. Qf3 Re8 25. Rfe1 h5 26. d4 Nc4 27. Re2 Be7 28. g4 hxg4 29. Qxg4 Bd6 30. d5 Qc7 31. dxe6 Kg7 32. Bd4+ f6 33. Rg2 1-0

[Event "TUR-chT2"]
[Site "Konya"]
[Date "2018.07.14"]
[Round "8.22"]
[White "Karakus, Ali"]
[Black "Avanoglu, Nurulllah"]
[Result "0-1"]
[WhiteElo "1159"]
[BlackElo "1560"]
[PlyCount "110"]
[EventDate "2018.07.10"]
[EventType "team-swiss"]
[EventRounds "9"]
[EventCountry "TUR"]
[SourceTitle "EXT 2019"]
[Source "ChessBase"]
[SourceDate "2018.10.10"]
[SourceVersion "1"]
[SourceVersionDate "2018.10.10"]
[SourceQuality "1"]
[WhiteTeam "Dulumpinar Turk"]
[BlackTeam "Osmaniye Kadirli Savrun"]
[WhiteTeamCountry "TUR"]
[BlackTeamCountry "TUR"]

1. e4 c5 2. Nf3 d6 3. d4 cxd4 4. Nxd4 Nf6 5. Nc3 a6 6. f3 e6 7. Be3 Be7 8. Qd2 Nc6 9. 0-0-0 0-0 10. Kb1 Nxd4 11. Bxd4 e5 12. Be3 Be6 13. g4 b5 14. g5 Nh5 15. h4 Rc8 16. Bd3 g6 17. Qh2 Qa5 18. Nd5 Bxd5 19. exd5 f5 20. Bc1 b4 21. b3 Rc5 22. Bb2 Rfc8 23. Bc4 Qc7 24. Rhe1 Kf8 25. Qd2 a5 26. Rf1 Ng3 27. Rg1 f4 28. Qh2 Rxc4 29. bxc4 Qxc4 30. Rge1 a4 31. Qd2 Bd8 32. Qd3 Bb6 33. Qxc4 Rxc4 34. Rd3 Bf2 35. Red1 Nf5 36. Rh1 Bxh4 37. a3 Kg7 38. Rxh4 Nxh4 39. axb4 Rxb4 40. Ka2 Nf5 41. Rc3 Rb7 42. Ka3 Ne3 43. Rc6 Nf5 44. Ka2 h5 45. gxh6+ Kxh6 46. Ra6 Rb5 47. c4 Rb3 48. Rxa4 Rxf3 49. c5 dxc5 50. Bxe5 g5 51. d6 Rd3 52. Ra6 Kh5 53. Rc6 f3 54. Rxc5 Nxd6 55. Bg3 Ne4 0-1

[Event "TUR-chT2"]
[Site "Konya"]
[Date "2017.07.14"]
[Round "8.22"]
[White "Yesilyurt, Celal"]
[Black "Avanoglu, Nurulllah"]
[Result "0-1"]
[WhiteElo "1393"]
[BlackElo "1631"]
[PlyCount "102"]
[EventDate "2017.07.09"]
[EventType "team-swiss"]
[EventRounds "9"]
[EventCountry "TUR"]
[SourceTitle "CBM 179 Extra"]
[Source "ChessBase"]
[SourceDate "2017.08.23"]
[SourceVersion "1"]
[SourceVersionDate "2017.08.23"]
[SourceQuality "1"]
[WhiteTeam "Nigde"]
[BlackTeam "Ozel Biltepe Osmaniye"]
[WhiteTeamCountry "TUR"]
[BlackTeamCountry "TUR"]

1. Nf3 d5 2. d4 Nf6 3. Bg5 e6 4. e3 a6 5. Bd3 Be7 6. 0-0 Nbd7 7. Nbd2 c5 8. c3 h6 9. Bxf6 Bxf6 10. Re1 b5 11. Rb1 Bb7 12. e4 cxd4 13. cxd4 Nb6 14. e5 Be7 15. Rc1 Rc8 16. Nb3 Nc4 17. Qe2 0-0 18. h3 a5 19. Rc2 a4 20. Na1 Qb6 21. b3 axb3 22. axb3 Na3 23. Ra2 Rc3 24. Rd1 Rfc8 25. Kh2 b4 26. Qd2 Ba6 27. Bxa6 Qxa6 28. Ng1 f6 29. Ne2 R3c7 30. exf6 Qd6+ 31. g3 Bxf6 32. Kg2 Bg5 33. Qd3 Rf7 34. h4 Be7 35. Rc1 Rxc1 36. Nxc1 e5 37. dxe5 Qxe5 38. Ne2 Bc5 39. f3 Qe3 40. Qxe3 Bxe3 41. Nc2 Nxc2 42. Rxc2 d4 43. Nc1 Ra7 44. Nd3 Ra1 45. Nxb4 Rb1 46. Nd3 Rxb3 47. Nc1 Rc3 48. Rxc3 dxc3 49. Nd3 c2 50. f4 c1Q 51. Nxc1 Bxc1 0-1